| 000 | 00460nam a2200193Ia 4500 | ||
|---|---|---|---|
| 005 | 20240823053350.0 | ||
| 008 | 240823s9999||||xx |||||||||||||| ||und|| | ||
| 020 | _a978-93-8061-874-6 | ||
| 041 | _aENGLISH | ||
| 082 | _A620.11 P9 | ||
| 100 | _aSingh D K | ||
| 245 | 0 | _aStrength of Materials | |
| 250 | _a2nd | ||
| 260 |
_c2009 _b"Ane Books,New " _aNew Delhi |
||
| 500 | _aYES | ||
| 650 |
_aStregth of Materials _bCivil |
||
| 942 | _cBK | ||
| 999 |
_c223998 _d223998 |
||